LEADER 01034nam 2200313 450 001 996716295703316 005 20260404135902.0 010 $a88-7670-220-2 100 $a20260403d1998----km y0itay5003 ba 101 0 $aita$ceng 102 $aIT 105 $ay 00 y 200 1 $a<> globalizzazione della povertà$el'impatto delle riforme del Fondo monetario internazionale e della Banca mondiale$fMichel Chossudovsky$gtraduzione di Porzia Persio 210 $aTorino$cEdizioni Gruppo Abele$d1998 215 $a308 p.$d22 cm 225 2 $aAltrisaggi$v43 410 0$12001$aAltrisaggi$v43 454 0$12001$a<> globalisation of poverty$915073 606 0 $aDebito estero$yPaesi in via di sviluppo$2BNCF 676 $a336.3435091724 700 1$aCHOSSUDOVSKY,$bMichel$0128734 702 1$aPERSIO,$bPorzia 801 0$aIT$bcba$gREICAT 912 $a996716295703316 951 $aXVI.8. 826 FAVAG$cXVI.8.$d373210 959 $aBK 969 $aFAVAG 996 $aGlobalisation of poverty$915073 997 $aUNISA